000 00394nam a2200169Ia 4500
999 _c1772
_d1772
003 OSt
005 20190918193510.0
008 190723s9999 xx 000 0 und d
020 _a9780136006374
040 _cmaju
100 _aJeffrey D. Ullman
245 2 _aA first course in Database systems
250 _a13th
260 _aChennai
_bPearson
_c2014
300 _a514.:p
942 _cBK
_2ddc